[Event "Deutsche Ländermeisterschaft 2025"]
[Site "Oer-Erkenschwick GER"]
[Date "2025.10.01"]
[Round "2"]
[White "Tietz, Bennit"]
[Black "Guo, Philipp Ziming"]
[Result "1/2-1/2"]
[Termination "normal"]
[Board "6.2"]
[WhiteElo "2036"]
[BlackElo "2204"]
[WhiteClock "00:12:55"]
[BlackClock "00:17:47"]
[WhiteTeam "Hamburg 2"]
[BlackTeam "Schleswig-Holstein"]
[PlyCount "121"]
[WhiteFideId "16286936"]
[BlackFideId "16245199"]
[EventCountry "GER"]
[EventRounds "7"]
[EventType "team-swiss"]
[EventDate "2025.09.30"]

1. e4 {[%clk 01:30:56]} {[%emt 00:00:02]} c5 {[%clk 01:30:53]} {[%emt
00:00:07]} 2. d4 {[%clk 01:31:09]} {[%emt 00:00:17]} cxd4 {[%clk 01:31:05]}
{[%emt 00:00:18]} 3. Qxd4 {[%clk 01:31:27]} {[%emt 00:00:13]} Nc6 {[%clk
01:31:16]} {[%emt 00:00:17]} 4. Qd3 {[%clk 01:31:42]} {[%emt 00:00:17]} g6
{[%clk 01:31:24]} {[%emt 00:00:22]} 5. Nc3 {[%clk 01:31:41]} {[%emt 00:00:30]}
Bg7 {[%clk 01:31:38]} {[%emt 00:00:14]} 6. Nf3 {[%clk 01:31:41]} {[%emt
00:00:33]} d6 {[%clk 01:31:56]} {[%emt 00:00:11]} 7. Be2 {[%clk 01:31:56]}
{[%emt 00:00:15]} Nf6 {[%clk 01:32:19]} {[%emt 00:00:06]} 8. O-O {[%clk
01:32:04]} {[%emt 00:00:23]} O-O {[%clk 01:32:36]} {[%emt 00:00:10]} 9. Nd5
{[%clk 01:32:15]} {[%emt 00:00:23]} Nd7 {[%clk 01:32:49]} {[%emt 00:00:15]} 10.
c3 {[%clk 01:32:25]} {[%emt 00:00:22]} Nc5 {[%clk 01:23:04]} {[%emt 00:10:15]}
11. Qc2 {[%clk 01:31:15]} {[%emt 00:01:40]} f5 {[%clk 01:18:49]} {[%emt
00:04:45]} 12. exf5 {[%clk 01:24:47]} {[%emt 00:06:59]} Bxf5 {[%clk 01:18:32]}
{[%emt 00:00:46]} 13. Qd1 {[%clk 01:24:38]} {[%emt 00:00:38]} Qd7 {[%clk
01:02:51]} {[%emt 00:16:11]} 14. Ne3 {[%clk 01:14:16]} {[%emt 00:10:52]} Kh8
{[%clk 00:59:33]} {[%emt 00:03:48]} 15. Nxf5 {[%clk 01:11:34]} {[%emt
00:03:12]} Qxf5 {[%clk 00:58:32]} {[%emt 00:01:29]} 16. Ng5 {[%clk 00:49:12]}
{[%emt 00:22:54]} h6 {[%clk 00:47:56]} {[%emt 00:11:06]} 17. Bg4 {[%clk
00:31:49]} {[%emt 00:17:53]} Qf6 {[%clk 00:47:08]} {[%emt 00:01:16]} 18. b4
{[%clk 00:18:06]} {[%emt 00:14:15]} Qxc3 {[%clk 00:18:30]} {[%emt 00:29:07]}
19. Rb1 {[%clk 00:06:50]} {[%emt 00:11:47]} Qd3 {[%clk 00:13:43]} {[%emt
00:05:16]} 20. bxc5 {[%clk 00:02:47]} {[%emt 00:04:34]} Qxb1 {[%clk 00:14:07]}
{[%emt 00:00:05]} 21. Ne6 {[%clk 00:02:57]} {[%emt 00:00:21]} Qxa2 {[%clk
00:11:21]} {[%emt 00:03:16]} 22. Nxf8 {[%clk 00:01:10]} {[%emt 00:02:17]} Rxf8
{[%clk 00:08:18]} {[%emt 00:03:32]} 23. cxd6 {[%clk 00:01:17]} {[%emt
00:00:23]} exd6 {[%clk 00:08:44]} {[%emt 00:00:05]} 24. Qxd6 {[%clk 00:00:58]}
{[%emt 00:00:49]} Kh7 {[%clk 00:07:10]} {[%emt 00:02:04]} 25. Be3 {[%clk
00:00:49]} {[%emt 00:00:38]} Ne5 {[%clk 00:01:49]} {[%emt 00:05:51]} 26. Be6
{[%clk 00:00:41]} {[%emt 00:00:38]} Qa4 {[%clk 00:01:13]} {[%emt 00:01:06]} 27.
Qc7 {[%clk 00:00:43]} {[%emt 00:00:29]} Qc6 {[%clk 00:01:16]} {[%emt 00:00:26]}
28. Qxc6 {[%clk 00:00:51]} {[%emt 00:00:23]} Nxc6 {[%clk 00:01:45]} 29. Bd5
{[%clk 00:01:02]} {[%emt 00:00:21]} a5 {[%clk 00:01:07]} {[%emt 00:01:07]} 30.
Rb1 {[%clk 00:00:54]} {[%emt 00:00:38]} Rd8 {[%clk 00:00:42]} {[%emt 00:00:55]}
31. Bf3 {[%clk 00:00:57]} {[%emt 00:00:27]} Rd7 {[%clk 00:00:46]} {[%emt
00:00:24]} 32. h4 {[%clk 00:00:40]} {[%emt 00:00:49]} a4 {[%clk 00:00:38]}
{[%emt 00:00:38]} 33. Bc5 {[%clk 00:00:59]} {[%emt 00:00:11]} h5 {[%clk
00:00:40]} {[%emt 00:00:28]} 34. Rb6 {[%clk 00:00:53]} {[%emt 00:00:35]} Bd4
{[%clk 00:00:36]} {[%emt 00:00:35]} 35. Bxc6 {[%clk 00:00:37]} {[%emt
00:00:46]} bxc6 {[%clk 00:00:37]} {[%emt 00:00:29]} 36. Bxd4 {[%clk 00:00:43]}
{[%emt 00:00:24]} Rxd4 {[%clk 00:01:02]} {[%emt 00:00:06]} 37. Rxc6 {[%clk
00:01:06]} {[%emt 00:00:06]} Rxh4 {[%clk 00:01:16]} {[%emt 00:00:15]} 38. Ra6
{[%clk 00:01:23]} {[%emt 00:00:13]} Kg7 {[%clk 00:00:56]} {[%emt 00:00:50]} 39.
g3 {[%clk 00:01:33]} {[%emt 00:00:19]} Rg4 {[%clk 00:01:13]} {[%emt 00:00:14]}
40. Kh2 {[%clk 00:01:10]} {[%emt 00:00:54]} Rb4 {[%clk 00:00:42]} {[%emt
00:01:00]} 41. Kg2 {[%clk 00:28:56]} {[%emt 00:02:44]} Kh6 {[%clk 00:25:27]}
{[%emt 00:05:45]} 42. Ra5 {[%clk 00:24:10]} {[%emt 00:05:17]} h4 {[%clk
00:24:21]} {[%emt 00:01:36]} 43. gxh4 {[%clk 00:22:56]} {[%emt 00:01:45]} Rxh4
{[%clk 00:24:47]} {[%emt 00:00:03]} 44. Kg3 {[%clk 00:22:20]} {[%emt 00:01:07]}
Rb4 {[%clk 00:24:15]} {[%emt 00:01:00]} 45. Kg2 {[%clk 00:22:18]} {[%emt
00:00:34]} g5 {[%clk 00:22:40]} {[%emt 00:02:04]} 46. Kg3 {[%clk 00:18:14]}
{[%emt 00:04:35]} Rb3+ {[%clk 00:20:14]} {[%emt 00:02:55]} 47. Kg4 {[%clk
00:18:12]} {[%emt 00:00:31]} Rb4+ {[%clk 00:20:27]} {[%emt 00:00:20]} 48. Kg3
{[%clk 00:18:27]} {[%emt 00:00:14]} Kg6 {[%clk 00:19:03]} {[%emt 00:01:53]} 49.
Kg2 {[%clk 00:17:48]} {[%emt 00:01:09]} Kf6 {[%clk 00:19:16]} {[%emt 00:00:17]}
50. Kh2 {[%clk 00:16:15]} {[%emt 00:02:03]} g4 {[%clk 00:17:53]} {[%emt
00:01:53]} 51. Kg3 {[%clk 00:14:16]} {[%emt 00:02:29]} Ke6 {[%clk 00:18:16]}
{[%emt 00:00:07]} 52. f3 {[%clk 00:13:56]} {[%emt 00:00:51]} gxf3 {[%clk
00:18:38]} {[%emt 00:00:09]} 53. Kxf3 {[%clk 00:14:22]} {[%emt 00:00:03]} Kd6
{[%clk 00:17:02]} {[%emt 00:02:05]} 54. Ke3 {[%clk 00:13:05]} {[%emt 00:01:47]}
Kc6 {[%clk 00:17:07]} {[%emt 00:00:25]} 55. Kd2 {[%clk 00:11:58]} {[%emt
00:01:37]} Kb6 {[%clk 00:17:08]} {[%emt 00:00:29]} 56. Ra8 {[%clk 00:12:11]}
{[%emt 00:00:16]} Kb5 {[%clk 00:16:20]} {[%emt 00:01:19]} 57. Rb8+ {[%clk
00:11:55]} {[%emt 00:00:46]} Kc4 {[%clk 00:16:35]} {[%emt 00:00:15]} 58. Rxb4+
{[%clk 00:11:52]} {[%emt 00:00:33]} Kxb4 {[%clk 00:17:03]} {[%emt 00:00:02]}
59. Kc2 {[%clk 00:12:05]} {[%emt 00:00:17]} a3 {[%clk 00:17:24]} {[%emt
00:00:09]} 60. Kb1 {[%clk 00:12:31]} {[%emt 00:00:05]} a2+ {[%clk 00:17:47]}
{[%emt 00:00:07]} 61. Kxa2 {[%clk 00:12:55]} {[%emt 00:00:06]} 1/2-1/2

[Event "Deutsche Ländermeisterschaft 2025"]
[Site "Oer-Erkenschwick GER"]
[Date "2025.10.01"]
[Round "2"]
[White "Sommer, Justus"]
[Black "Derhay, Davyd"]
[Result "1-0"]
[Termination "normal"]
[Board "6.3"]
[WhiteElo "2111"]
[BlackElo "1756"]
[WhiteClock "00:05:53"]
[BlackClock "00:11:20"]
[WhiteTeam "Schleswig-Holstein"]
[BlackTeam "Hamburg 2"]
[PlyCount "73"]
[WhiteFideId "16245008"]
[BlackFideId "34130624"]
[EventCountry "GER"]
[EventRounds "7"]
[EventType "team-swiss"]
[EventDate "2025.09.30"]

1. e4 {[%clk 01:30:56]} {[%emt 00:00:03]} e5 {[%clk 01:30:58]} {[%emt
00:00:04]} 2. Nf3 {[%clk 01:31:16]} {[%emt 00:00:08]} Nc6 {[%clk 01:31:26]}
{[%emt 00:00:04]} 3. Bb5 {[%clk 01:31:38]} {[%emt 00:00:07]} a6 {[%clk
01:31:52]} {[%emt 00:00:05]} 4. Ba4 {[%clk 01:32:03]} {[%emt 00:00:04]} Nf6
{[%clk 01:32:19]} {[%emt 00:00:04]} 5. O-O {[%clk 01:32:18]} {[%emt 00:00:14]}
Bc5 {[%clk 01:30:58]} {[%emt 00:01:52]} 6. Re1 {[%clk 01:29:20]} {[%emt
00:03:27]} b5 {[%clk 01:27:06]} {[%emt 00:04:23]} 7. Bb3 {[%clk 01:29:40]}
{[%emt 00:00:09]} d6 {[%clk 01:27:02]} {[%emt 00:00:35]} 8. c3 {[%clk
01:28:35]} {[%emt 00:01:35]} O-O {[%clk 01:26:23]} {[%emt 00:01:10]} 9. d4
{[%clk 01:25:18]} {[%emt 00:03:47]} exd4 {[%clk 01:24:19]} {[%emt 00:02:34]}
10. cxd4 {[%clk 01:25:40]} {[%emt 00:00:07]} Bb6 {[%clk 01:24:15]} {[%emt
00:00:35]} 11. Bg5 {[%clk 01:12:47]} {[%emt 00:13:22]} h6 {[%clk 01:21:05]}
{[%emt 00:03:41]} 12. Bd5 {[%clk 01:10:22]} {[%emt 00:02:53]} Bb7 {[%clk
01:19:28]} {[%emt 00:02:08]} 13. Bxf6 {[%clk 01:04:34]} {[%emt 00:06:19]} Qxf6
{[%clk 01:19:16]} {[%emt 00:00:42]} 14. Nc3 {[%clk 01:02:32]} {[%emt 00:02:32]}
Rab8 {[%clk 01:17:54]} {[%emt 00:01:52]} 15. e5 {[%clk 00:58:52]} {[%emt
00:04:09]} dxe5 {[%clk 01:17:27]} {[%emt 00:00:57]} 16. dxe5 {[%clk 00:58:56]}
{[%emt 00:00:25]} Qe7 {[%clk 01:09:00]} {[%emt 00:08:58]} 17. e6 {[%clk
00:54:17]} {[%emt 00:05:08]} f5 {[%clk 01:07:55]} {[%emt 00:01:36]} 18. Bb3
{[%clk 00:45:56]} {[%emt 00:08:50]} Na5 {[%clk 01:01:54]} {[%emt 00:06:31]} 19.
Ne5 {[%clk 00:35:02]} {[%emt 00:11:25]} Nxb3 {[%clk 00:54:08]} {[%emt
00:08:16]} 20. Qxb3 {[%clk 00:31:31]} {[%emt 00:04:00]} Rfe8 {[%clk 00:53:55]}
{[%emt 00:00:44]} 21. Nd7 {[%clk 00:26:00]} {[%emt 00:06:00]} Qh4 {[%clk
00:34:06]} {[%emt 00:20:20]} 22. Nxb6 {[%clk 00:23:50]} {[%emt 00:02:39]} cxb6
{[%clk 00:31:44]} {[%emt 00:02:52]} 23. Rad1 {[%clk 00:19:54]} {[%emt
00:04:25]} Re7 {[%clk 00:29:44]} {[%emt 00:02:32]} 24. Nd5 {[%clk 00:19:05]}
{[%emt 00:01:19]} Bxd5 {[%clk 00:29:59]} {[%emt 00:00:16]} 25. Rxd5 {[%clk
00:17:49]} {[%emt 00:01:45]} Qf6 {[%clk 00:27:40]} {[%emt 00:02:48]} 26. Rd6
{[%clk 00:17:15]} {[%emt 00:01:03]} Kh7 {[%clk 00:26:10]} {[%emt 00:02:02]} 27.
h3 {[%clk 00:16:53]} {[%emt 00:00:52]} Rbb7 {[%clk 00:24:51]} {[%emt 00:01:49]}
28. Qd5 {[%clk 00:13:17]} {[%emt 00:04:06]} b4 {[%clk 00:21:09]} {[%emt
00:04:13]} 29. Re5 {[%clk 00:12:06]} {[%emt 00:01:40]} g6 {[%clk 00:21:09]}
{[%emt 00:00:30]} 30. f4 {[%clk 00:11:48]} {[%emt 00:00:47]} Qg7 {[%clk
00:21:14]} {[%emt 00:00:25]} 31. b3 {[%clk 00:10:28]} {[%emt 00:01:49]} Rec7
{[%clk 00:16:14]} {[%emt 00:05:31]} 32. Kh2 {[%clk 00:08:49]} {[%emt 00:02:08]}
Qe7 {[%clk 00:14:58]} {[%emt 00:01:46]} 33. Rc6 {[%clk 00:07:09]} {[%emt
00:02:10]} Rxc6 {[%clk 00:12:55]} {[%emt 00:02:34]} 34. Qxc6 {[%clk 00:07:33]}
{[%emt 00:00:06]} Rb8 {[%clk 00:11:58]} {[%emt 00:01:27]} 35. Rd5 {[%clk
00:06:25]} {[%emt 00:01:38]} Qe8 {[%clk 00:10:57]} {[%emt 00:01:29]} 36. Rd7+
{[%clk 00:06:35]} {[%emt 00:00:21]} Kg8 {[%clk 00:11:20]} {[%emt 00:00:07]} 37.
e7 {[%clk 00:05:53]} {[%emt 00:01:12]} 1-0

[Event "Deutsche Ländermeisterschaft 2025"]
[Site "Oer-Erkenschwick GER"]
[Date "2025.10.01"]
[Round "2"]
[White "Böhler, Yannic"]
[Black "Sasse, Conan"]
[Result "0-1"]
[Termination "normal"]
[Board "6.4"]
[WhiteElo "1848"]
[BlackElo "1906"]
[WhiteClock "00:00:45"]
[BlackClock "00:50:23"]
[WhiteTeam "Hamburg 2"]
[BlackTeam "Schleswig-Holstein"]
[PlyCount "104"]
[WhiteFideId "34609059"]
[BlackFideId "34684336"]
[EventCountry "GER"]
[EventRounds "7"]
[EventType "team-swiss"]
[EventDate "2025.09.30"]

1. c4 {[%clk 01:30:59]} c5 {[%clk 01:30:52]} {[%emt 00:00:09]} 2. g3 {[%clk
01:31:28]} {[%emt 00:00:01]} Nf6 {[%clk 01:31:12]} {[%emt 00:00:09]} 3. Bg2
{[%clk 01:31:56]} {[%emt 00:00:02]} d5 {[%clk 01:31:28]} {[%emt 00:00:14]} 4.
cxd5 {[%clk 01:32:24]} {[%emt 00:00:02]} Nxd5 {[%clk 01:31:42]} {[%emt
00:00:16]} 5. Nc3 {[%clk 01:32:52]} {[%emt 00:00:02]} Nc7 {[%clk 01:32:04]}
{[%emt 00:00:08]} 6. Nf3 {[%clk 01:33:20]} {[%emt 00:00:01]} Nc6 {[%clk
01:32:26]} {[%emt 00:00:09]} 7. O-O {[%clk 01:33:47]} {[%emt 00:00:03]} e5
{[%clk 01:32:44]} {[%emt 00:00:13]} 8. a3 {[%clk 01:34:15]} {[%emt 00:00:02]}
Rb8 {[%clk 01:32:38]} {[%emt 00:00:35]} 9. Rb1 {[%clk 01:34:21]} {[%emt
00:00:25]} Be7 {[%clk 01:32:29]} {[%emt 00:00:38]} 10. b4 {[%clk 01:33:47]}
{[%emt 00:01:03]} cxb4 {[%clk 01:31:16]} {[%emt 00:01:44]} 11. axb4 {[%clk
01:34:15]} {[%emt 00:00:02]} b5 {[%clk 01:30:15]} {[%emt 00:01:31]} 12. Qc2
{[%clk 01:32:07]} {[%emt 00:02:37]} O-O {[%clk 01:26:04]} {[%emt 00:04:42]} 13.
d3 {[%clk 00:49:01]} {[%emt 00:43:37]} Be6 {[%clk 01:16:53]} {[%emt 00:09:40]}
14. Be3 {[%clk 00:40:43]} {[%emt 00:08:48]} Qd7 {[%clk 01:07:55]} {[%emt
00:09:28]} 15. Rfc1 {[%clk 00:37:29]} {[%emt 00:03:43]} Rfc8 {[%clk 01:04:37]}
{[%emt 00:03:49]} 16. Qd1 {[%clk 00:31:29]} {[%emt 00:06:29]} Nd5 {[%clk
00:57:56]} {[%emt 00:07:12]} 17. Nxd5 {[%clk 00:29:56]} {[%emt 00:02:04]} Bxd5
{[%clk 00:58:20]} {[%emt 00:00:05]} 18. Bc5 {[%clk 00:28:00]} {[%emt 00:02:26]}
Bf6 {[%clk 00:57:26]} {[%emt 00:01:24]} 19. Qf1 {[%clk 00:13:01]} {[%emt
00:15:28]} Qe6 {[%clk 00:55:40]} {[%emt 00:02:17]} 20. Bh3 {[%clk 00:12:19]}
{[%emt 00:01:12]} Qe8 {[%clk 00:54:44]} {[%emt 00:01:27]} 21. Bxc8 {[%clk
00:12:46]} {[%emt 00:00:02]} Rxc8 {[%clk 00:55:06]} {[%emt 00:00:08]} 22. e4
{[%clk 00:12:42]} {[%emt 00:00:34]} Be6 {[%clk 00:55:12]} {[%emt 00:00:24]} 23.
Nd2 {[%clk 00:07:26]} {[%emt 00:05:45]} Qd7 {[%clk 00:51:49]} {[%emt 00:03:54]}
24. Nb3 {[%clk 00:05:08]} {[%emt 00:02:48]} h5 {[%clk 00:51:44]} {[%emt
00:00:34]} 25. Rd1 {[%clk 00:04:31]} {[%emt 00:01:07]} h4 {[%clk 00:50:50]}
{[%emt 00:01:25]} 26. Be3 {[%clk 00:04:06]} {[%emt 00:00:54]} Bh3 {[%clk
00:50:52]} {[%emt 00:00:29]} 27. Nc5 {[%clk 00:04:05]} {[%emt 00:00:32]} Qg4
{[%clk 00:48:54]} {[%emt 00:02:27]} 28. f3 {[%clk 00:04:33]} {[%emt 00:00:02]}
Bxf1 {[%clk 00:48:42]} {[%emt 00:00:42]} 29. fxg4 {[%clk 00:05:02]} {[%emt
00:00:02]} Be2 {[%clk 00:48:58]} {[%emt 00:00:13]} 30. Rdc1 {[%clk 00:04:50]}
{[%emt 00:00:41]} Bxg4 {[%clk 00:49:17]} {[%emt 00:00:12]} 31. Kg2 {[%clk
00:04:46]} {[%emt 00:00:34]} h3+ {[%clk 00:46:57]} {[%emt 00:02:49]} 32. Kf2
{[%clk 00:05:03]} {[%emt 00:00:14]} Ne7 {[%clk 00:45:01]} {[%emt 00:02:26]} 33.
Ra1 {[%clk 00:04:15]} {[%emt 00:01:18]} Nc6 {[%clk 00:44:51]} {[%emt 00:00:40]}
34. Rab1 {[%clk 00:04:33]} {[%emt 00:00:11]} Ne7 {[%clk 00:45:03]} {[%emt
00:00:18]} 35. Nb3 {[%clk 00:04:21]} {[%emt 00:00:42]} Rd8 {[%clk 00:45:28]}
{[%emt 00:00:05]} 36. Rc3 {[%clk 00:03:37]} {[%emt 00:01:13]} Rd6 {[%clk
00:44:59]} {[%emt 00:01:00]} 37. Bxa7 {[%clk 00:02:25]} {[%emt 00:01:42]} Bg5
{[%clk 00:45:20]} {[%emt 00:00:08]} 38. Bc5 {[%clk 00:01:17]} {[%emt 00:01:38]}
Rf6+ {[%clk 00:45:49]} {[%emt 00:00:02]} 39. Ke1 {[%clk 00:00:50]} {[%emt
00:00:55]} Ng6 {[%clk 00:46:00]} {[%emt 00:00:22]} 40. Ra1 {[%clk 00:00:36]}
{[%emt 00:00:44]} Nf4 {[%clk 00:41:25]} {[%emt 00:05:04]} 41. Ra8+ {[%clk
00:00:49]} {[%emt 00:00:17]} Kh7 {[%clk 00:41:53]} 42. gxf4 {[%clk 00:28:50]}
{[%emt 00:02:30]} Bxf4 {[%clk 01:11:57]} {[%emt 00:00:26]} 43. Ra2 {[%clk
00:22:20]} {[%emt 00:06:59]} Bf3 {[%clk 01:12:14]} {[%emt 00:00:13]} 44. Nd2
{[%clk 00:12:04]} {[%emt 00:10:46]} Bg2 {[%clk 01:02:12]} {[%emt 00:10:32]} 45.
Bg1 {[%clk 00:10:45]} {[%emt 00:01:49]} g5 {[%clk 00:58:54]} {[%emt 00:03:48]}
46. d4 {[%clk 00:03:11]} exd4 {[%clk 00:58:54]} 47. Bxd4 {[%clk 00:03:39]}
{[%emt 00:12:37]} Re6 {[%clk 00:54:45]} {[%emt 00:00:38]} 48. Bg1 {[%clk
00:02:09]} {[%emt 00:02:00]} f5 {[%emt 00:02:41]} 49. Rc5 {[%clk 00:01:19]}
{[%emt 00:00:36]} fxe4 {[%emt 00:00:28]} 50. Nf1 {[%clk 00:01:07]} {[%emt
00:00:34]} e3 {[%emt 00:04:11]} 51. Re2 {[%clk 00:00:37]} {[%emt 00:00:47]} Bf3
{[%emt 00:00:19]} 52. Rxe3 {[%clk 00:00:45]} {[%emt 00:00:08]} Bxe3 {[%clk
00:50:23]} 0-1

[Event "Deutsche Ländermeisterschaft 2025"]
[Site "Oer-Erkenschwick GER"]
[Date "2025.10.01"]
[Round "2"]
[White "Aguike, Toshiya"]
[Black "Busch, Jonathan Luis"]
[Result "1-0"]
[Termination "normal"]
[Board "6.5"]
[WhiteElo "1897"]
[BlackElo "1754"]
[WhiteClock "00:37:22"]
[BlackClock "00:09:50"]
[WhiteTeam "Schleswig-Holstein"]
[BlackTeam "Hamburg 2"]
[PlyCount "49"]
[WhiteFideId "34611347"]
[BlackFideId "34664874"]
[EventCountry "GER"]
[EventRounds "7"]
[EventType "team-swiss"]
[EventDate "2025.09.30"]

1. e4 {[%clk 01:30:43]} {[%emt 00:00:16]} e5 {[%clk 01:30:54]} {[%emt
00:00:07]} 2. Nf3 {[%clk 01:31:08]} {[%emt 00:00:05]} Nc6 {[%clk 01:31:19]}
{[%emt 00:00:05]} 3. Bc4 {[%clk 01:31:34]} {[%emt 00:00:04]} Bc5 {[%clk
01:31:41]} {[%emt 00:00:07]} 4. c3 {[%clk 01:31:59]} {[%emt 00:00:05]} Nf6
{[%clk 01:32:04]} {[%emt 00:00:07]} 5. d4 {[%clk 01:32:26]} {[%emt 00:00:03]}
exd4 {[%clk 01:32:27]} {[%emt 00:00:07]} 6. b4 {[%clk 01:32:45]} {[%emt
00:00:11]} Bb6 {[%clk 01:32:32]} {[%emt 00:00:25]} 7. e5 {[%clk 01:33:10]}
{[%emt 00:00:05]} d5 {[%clk 01:30:40]} {[%emt 00:02:22]} 8. exf6 {[%clk
01:32:31]} {[%emt 00:01:10]} dxc4 {[%clk 01:30:35]} {[%emt 00:00:34]} 9. Qe2+
{[%clk 01:32:55]} {[%emt 00:00:06]} Be6 {[%clk 01:30:43]} {[%emt 00:00:21]} 10.
b5 {[%clk 01:33:19]} {[%emt 00:00:07]} d3 {[%clk 01:29:57]} {[%emt 00:01:17]}
11. Qe4 {[%clk 01:33:39]} {[%emt 00:00:09]} Nb8 {[%clk 01:26:58]} {[%emt
00:03:30]} 12. fxg7 {[%clk 01:31:56]} {[%emt 00:02:13]} Rg8 {[%clk 01:25:54]}
{[%emt 00:01:33]} 13. Bg5 {[%clk 01:31:57]} {[%emt 00:00:30]} Qd7 {[%clk
01:22:31]} {[%emt 00:03:54]} 14. Bf6 {[%clk 01:29:08]} {[%emt 00:03:19]} Qd5
{[%clk 01:03:14]} {[%emt 00:19:45]} 15. Qxh7 {[%clk 01:29:13]} {[%emt
00:00:25]} Kd7 {[%clk 01:02:54]} {[%emt 00:00:51]} 16. Ne5+ {[%clk 01:24:42]}
{[%emt 00:05:02]} Kd6 {[%clk 01:01:30]} {[%emt 00:01:51]} 17. Nd2 {[%clk
01:07:40]} {[%emt 00:17:33]} Qxg2 {[%clk 00:45:19]} {[%emt 00:16:41]} 18. O-O-O
{[%clk 01:03:44]} {[%emt 00:04:26]} Nd7 {[%clk 00:24:16]} {[%emt 00:21:33]} 19.
Ndxc4+ {[%clk 00:47:42]} {[%emt 00:16:32]} Bxc4 {[%clk 00:24:10]} {[%emt
00:00:35]} 20. Nxc4+ {[%clk 00:47:09]} {[%emt 00:01:04]} Ke6 {[%clk 00:21:50]}
{[%emt 00:02:50]} 21. Bh4 {[%clk 00:44:35]} {[%emt 00:03:04]} d2+ {[%clk
00:20:13]} {[%emt 00:02:07]} 22. Nxd2 {[%clk 00:42:22]} {[%emt 00:02:43]} Qxg7
{[%clk 00:14:29]} {[%emt 00:06:14]} 23. Rhe1+ {[%clk 00:41:22]} {[%emt
00:01:30]} Ne5 {[%clk 00:09:38]} {[%emt 00:05:21]} 24. Qxg7 {[%clk 00:37:08]}
{[%emt 00:04:44]} Rxg7 {[%clk 00:09:50]} {[%emt 00:00:18]} 25. f4 {[%clk
00:37:22]} {[%emt 00:00:16]} 1-0